Washington Wizards All-Decade Teams - Statistics

General Stats
  • This quiz has been taken 8 times
  • The average score is 13 of 35
Answer Stats
Decade Pos. Year(s) WS Player % Correct
2020s SG 2020-2023 15.8 Bradley Beal
100%
2010s SG 2013-2019 36.4 Bradley Beal
100%
2000s PG 2004-2008 39.4 Gilbert Arenas
88%
2010s PG 2011-2019 44.3 John Wall
88%
1970s PF 1973-1979 68.7 Elvin Hayes
75%
1970s C 1970-1979 85.4 Wes Unseld
75%
2010s C 2014-2018 35.6 Marcin Gortat
63%
2010s SF 2014-2019 27.9 Otto Porter Jr.
63%
2000s PF/SF 2005-2009 37.7 Antawn Jamison
50%
1990s SG/SF 1994-1999 15.9 Calbert Cheaney
50%
2000s SF/SG 2006-2009 23.3 Caron Butler
50%
1980s SG 1984-1989 28.4 Jeff Malone
50%
1960s C 1962-1966 57.0 Walt Bellamy
50%
2000s C 2002-2009 31.3 Brendan Haywood
38%
1980s C/PF 1982-1986 34.0 Jeff Ruland
38%
1990s PF/SF 1995-1999 22.7 Juwan Howard
38%
1970s SG 1972-1979 39.3 Phil Chenier
38%
1990s PF/C 1995-1998 23.5 Chris Webber
25%
1960s PG/SG 1968-1969 18.1 Earl Monroe
25%
1980s PG 1982-1988 13.9 Frank Johnson
25%
1960s PF/SF 1964-1969 22.8 Gus Johnson
25%
1960s SG/PG 1964-1969 19.8 Kevin Loughery
25%
2000s SG/PG 2003-2005 15.2 Larry Hughes
25%
1990s PG 1997-1999 21.0 Rod Strickland
25%
2020s SF 2022-2026 9.9 Corey Kispert
13%
2020s C 2021-2024 18.5 Daniel Gafford
13%
1980s SF 1980-1985 42.7 Greg Ballard
13%
2010s PF/C 2012-2016 14.1 Nene
13%
1980s PF 1981-1985 22.3 Rick Mahorn
13%
1970s PG 1972-1974 20.2 Archie Clark
0%
2020s PG 2022-2023 4.6 Delon Wright
0%
1990s PF/SF 1990-1993, 1997-1998 22.0 Harvey Grant
0%
2020s C/PF 2022-2023 9.9 Kristaps Porzingis
0%
1970s SF 1972-1977 27.9 Mike Riordan
0%
1960s SF 1963-1964 20.5 Terry Dischinger
0%
No matching quizzes found
Score Distribution
Percent of People with Each Score
Percentile by Number Answered
Your Score History
You have not taken this quiz